000 00235nam a2200109Ia 4500
008 190216s9999||||xx |||||||||||||| ||und||
100 _aVenkittaraman S
245 0 _aAtomic Phycics
260 _bNull
650 _aPhysics
942 _cBK
999 _c32693
_d32693